000 00871nam a2200253 a 4500
001 BRCA_5071
005 20190320204927.0
008 091110s1965----gw-a######---#000-0#ger-#
041 _ager
044 _agw
050 4 _aNK6200
_b.G33 1965
100 1 _aGall, Günter
_912929
245 1 0 _aLeder im Europäischen Kunsthandwerk
_cvon Günter Gall.
260 _aBranschweig, Alemania
_bKlinkhardt & Biermann
_c1965
300 _axii, 406 p.
_bil. (algunas a color)
_c24 cm.
440 0 _aBibliothek für kunst-und antiquitäten freunde
_v44
_912930
500 _aIncluye índice de materias, índice onomástico, índice de ilustraciones y comentarios
500 _aIncluye 16 láminas a color y 305 ilustraciones
500 _aD160
650 1 4 _aTrabajos en cuero
_zEuropa
_912931
650 1 4 _aTrabajos de cuero
_zEuropa
_912932
902 _aGFM
942 _2lcc
_cB
999 _c4765
_d4765